| 000 | 01661nam a2200325 a 4500 | ||
|---|---|---|---|
| 001 | |||
| 003 | DO-SdBNP | ||
| 005 | 20211104125720.0 | ||
| 008 | 101006s2009 dr 001 0 spa d | ||
| 020 | _a9789945020779 | ||
| 040 |
_aDO-SdBNP _bspa _cBPMSU |
||
| 082 |
_a306.2980 _bJ61L 2009 _222 |
||
| 100 | 1 |
_aJimenes Grullón, Juan Isidro, _d1903-1983 |
|
| 245 | 1 | 0 |
_aLuchemos por nuestra América : _bideas y doctrinas políticas contemporáneas / _cJuan Isidro Jiménez Grullón. |
| 260 |
_aSanto Domingo : _bArchivo General de la Nación, _c2009. |
||
| 300 |
_a311 p. ; _c23 cm. |
||
| 490 | 0 |
_aArchivo General de la Nación _v90 |
|
| 500 | _aIncluye datos biográficos del autor en la solapa de la cubierta. | ||
| 504 | _aBibliografía: p. 303-306. | ||
| 505 | 2 |
_gPrefacio -- _gPrólogo -- _tLuchemos por nuestra América: _tTrascendencia de Bolívar -- _tLabor de las sociedades culturales en relación con el porvenir de nuestra América -- _tDe la juventud latinoamericana. A los jóvenes del continente -- _tCulturas occidentales y cultura hispanoamericana autóctona -- _tIdeas y doctrinas políticas contemporáneas: _tLa democracia -- _tEl socialismo -- _tEl comunismo -- _tFascismo y nazismo -- _tBases ideológicas de la revolución mexicana -- _tEl aprismo -- _gBibliografía -- _gÍndice onomástico. |
|
| 590 | _aInventariado, 2018/MFF | ||
| 650 | 4 | _aSociología política | |
| 650 | 4 | _aParticipación política | |
| 650 | 4 | _aCiencias políticas | |
| 650 | 4 | _aSistemas económicos | |
| 651 | 4 |
_aAmérica Latina _xPolítica Y Gobierno |
|
| 710 | 2 | _aArchivo General de la Nación (República Dominicana) | |
| 910 | _a VMateo V. | ||
| 942 |
_2ddc _cBK |
||
| 999 |
_c13837 _d13837 |
||